000 00283nam a2200097Ia 4500
001 1251157
005 20251031150910.0
008 251031s9999 xx 000 0 und d
245 0 _cNURTEN CECELİ ALKAN
_aI-5 OKUL ÇOCUKLARI NE YEMELİ,NE YEMEMELİ ?
260 _bHAYY KİTAP YAYINLARI
999 _c1251157
_d1251157